[Event "Challenge"]
[Site "http://www.queenalice.com/game.php?id=1833134"]
[Date "2024.3.10"]
[Round "-"]
[White "jogo"]
[Black "PaulMSains"]
[Result "1-0"]
[WhiteElo "1928"]
[BlackElo "1977"]

1. e4 e5 2. Nc3 Bb4 3. Nd5 Bc5 4. b4 Bb6 5. Nxb6 axb6 6. d4 Ra4 7. c3 b5 8. Bxb5
Ra8 9. dxe5 c6 10. Bc4 b5 11. Be2 Qg5 12. Bxg5 1-0

[Event "Challenge"]
[Site "http://www.queenalice.com/game.php?id=1833135"]
[Date "2024.3.10"]
[Round "-"]
[White "PaulMSains"]
[Black "jogo"]
[Result "1/2-1/2"]
[WhiteElo "1920"]
[BlackElo "2175"]

1. e4 e5 2. Nf3 Nf6 3. Nc3 d6 4. h3 c5 5. Bc4 a6 6. Ng5 d5 7. Nxd5 Nxd5 8. Nxf7
Kxf7 9. Bxd5+ Be6 10. Qf3+ Qf6 11. Qxf6+ Kxf6 12. Bxb7 Ra7 13. Bd5 Bxd5 14. exd5
Nd7 15. c4 Nb6 16. b3 Nd7 17. d3 Bd6 18. Bb2 Re8 19. O-O h5 20. f4 Kg6 21. f5+
Kf6 22. a4 Rb7 23. Ra3 Reb8 24. Bc1 Rxb3 25. Rxb3 Rxb3 26. Rf3 Rb1 27. Rf1 Kf7
28. g4 hxg4 29. hxg4 Nf6 30. g5 Ng8 31. a5 Be7 32. g6+ Ke8 33. Kg2 Ra1 34. Bd2
Rxf1 35. Kxf1 Kd7 36. Ke2 Nf6 37. Kf3 Bd8 38. Bg5 Bxa5 39. Bxf6 Bc3 40. Bxg7 e4+
41. dxe4 Bxg7 42. Ke3 Be5 43. Kd3 a5 44. Kc2 Kc7 45. Kb3 Kb6 46. Ka4 Bc3 47. Kb3
Bg7 48. Ka4 Bc3 49. Kb3 Bf6 50. Ka4 Bc3 1/2-1/2

[Event "Challenge"]
[Site "http://www.queenalice.com/game.php?id=1833209"]
[Date "2024.3.11"]
[Round "-"]
[White "jogo"]
[Black "PaulMSains"]
[Result "1-0"]
[WhiteElo "1991"]
[BlackElo "1954"]

1. e4 e5 2. Nc3 Bc5 3. Na4 Na6 4. Nxc5 Nxc5 5. d4 Nxe4 6. dxe5 Qe7 7. Qd4 Nc5 8.
Be3 d6 9. exd6 cxd6 10. Qxg7 Qe5 11. Qxe5+ dxe5 12. Bxc5 Bf5 13. Bb5+ 1-0

[Event "Challenge"]
[Site "http://www.queenalice.com/game.php?id=1833210"]
[Date "2024.3.11"]
[Round "-"]
[White "PaulMSains"]
[Black "jogo"]
[Result "0-1"]
[WhiteElo "1935"]
[BlackElo "2027"]

1. e4 e5 2. Nf3 Nf6 3. d3 d6 4. h3 h6 5. Be2 c5 6. O-O Be7 7. Nc3 O-O 8. Bd2 Nc6
9. Qc1 Re8 10. Nd5 Nxd5 11. exd5 Nb4 12. c4 Bf5 13. Bxb4 cxb4 14. b3 Bf6 15. Rb1
e4 16. Ne1 exd3 17. Bxd3 Bxd3 18. Nxd3 a5 19. Kh1 Kh7 20. Qc2 Rc8 21. Nxb4+ Kh8
22. Nd3 b5 23. Rbc1 bxc4 24. bxc4 Bg5 25. f4 Bf6 26. f5 Bg5 27. Nf4 Qb6 28. Rb1
Qe3 29. Nd3 Qd2 30. Qxd2 Bxd2 31. Nb2 Bc3 32. Rf4 Re2 33. Na4 Be5 34. Rg4 Rxa2
35. c5 dxc5 36. Nb6 Rb8 37. Rc4 Rxb6 38. Re1 f6 39. Rxc5 Kh7 40. Rcc1 Rbb2 41.
Rg1 Rd2 0-1